| 000 | 00719nam a2200265Ia 4500 | ||
|---|---|---|---|
| 001 | dia_280 | ||
| 003 | CHAP | ||
| 005 | 20221213093406.0 | ||
| 008 | 220117s1997 xx 000 0 und d | ||
| 010 | _a170833 | ||
| 020 | _a84-315-0468-4 | ||
| 040 | _cCHAP | ||
| 082 | _a635.8 p3 | ||
| 100 |
_aPacioni, Giovanni _984615 |
||
| 245 |
_aEl Cultivo Moderno del Champiñon / _c por Giovanni Pacioni |
||
| 260 |
_aBarcelona, España : _b de Vecchi, _c1997 |
||
| 300 | _a126 p. | ||
| 503 | _aI.195932 | ||
| 650 |
_a1.Hongos _9148042 |
||
| 650 |
_aPlantas Comestibles _988906 |
||
| 901 | _a635.8 P3 | ||
| 902 | _aM | ||
| 905 | _a0000001997 sp A 0000000000spa00 | ||
| 942 |
_cLIBRO _2ddc |
||
| 999 |
_c170833 _d170833 |
||